000 00434nam a2200145Ia 4500
008 221007s9999 xx 000 0 und d
041 _aeng
082 _bSAL
100 _aSalvi Shreya (2k81140)
_9101956
245 _aAwarness of Frozen Fish & Ready to Eat Fish Products in Indian Market & its Promot on in Hotel Industry
260 _c2010
_bPune University
_aPune
300 _a72p
520 _aMunde Kamlakar
906 _bGeneral
999 _c69111
_d69111